| Tag |
First Indicator |
Second Indicator |
Subfields |
| LEADER |
00000cam a2200000 4500 |
| 001 |
in00001272425 |
| 005 |
20151004062633.0 |
| 007 |
hd afa014baca |
| 008 |
890501s1897 nyu a 000 1 eng d |
| 035 |
|
|
|a (OCoLC)19640427
|
| 035 |
|
|
|9 AGX7502AM
|
| 040 |
|
|
|a LWS
|c LWS
|d TXA
|d UtOrBLW
|
| 049 |
|
|
|a TXAI
|
| 099 |
|
|
|a film B
|a 1551 v.3
|a Reel M-28 no.3666
|
| 100 |
1 |
|
|a Maxwell, Ellen Blackmar,
|d 1853?-1938.
|
| 245 |
1 |
4 |
|a The way of fire /
|c By Helen Blackmar Maxwell ...
|
| 264 |
|
1 |
|a New York :
|b Dodd, Mead and Company,
|c 1897.
|
| 300 |
|
|
|a 244 pages ;
|c 19 cm.
|
| 336 |
|
|
|a text
|b txt
|2 rdacontent
|
| 337 |
|
|
|a microform
|b h
|2 rdamedia
|
| 338 |
|
|
|a microfilm reel
|b hd
|2 rdacarrier
|
| 533 |
|
|
|a Microfilm.
|b Woodbridge, Conn.,
|c Research Publications,
|d 1970-1978.
|e 1 reel. 35 mm.
|f (Wright American fiction, v. 3 (1876-1900), reel M-28, no. 3666)
|
| 539 |
|
|
|a s
|b 1970
|d ctu
|e n
|
| 500 |
|
|
|a Microform.
|
| 830 |
|
0 |
|a Wright American Fiction.
|
| 999 |
|
|
|a MARS
|
| 999 |
f |
f |
|s 29649882-625b-3ce6-8316-41e307816cea
|i ff39f7a9-566d-39d1-8eba-7350fbd1e838
|t 0
|
| 952 |
f |
f |
|p default
|a Texas A&M University
|b College Station
|c Sterling C. Evans Library
|d Evans: Microforms (3rd floor)
|t 0
|e film B 1551 v.3 Reel M-28 no.3666
|h Other scheme
|i microform -- microfilm reel
|
| 998 |
f |
f |
|a film B 1551 v.3 Reel M-28 no.3666
|t 0
|l Evans: Microforms (3rd floor)
|